000 00551 a2200181 4500
999 _c9743
_d9743
022 _INo ISSN
050 _aKTL19.A35SOU1971
100 _aFisher, D. S.
_eeditor
245 _aSouth African law reports:
_b1971 (4) -November /
_cGraeme Duncan , et al....
264 _aCape Town:
_bJuta & Company,
_c1971
300 _a367p. :
500 _aIncludes index
650 _aLaw reports, digests, etc. -- South Africa
651 _aSouth Africa
700 _aBarnett M
_eeditor
700 _aBuchanan J L
_eeditor
942 _2lcc
_cSERIALS
_h19.A35
_iSOU
_kKTL